Property development

Bibliographic Details
Main Author: Cadman, David
Format: Book
Published: London : E & F. N. Spon , 1995
Edition:4th ed.
Subjects:

MARC

LEADER 00000cam a2200000 7i4500
001 0000004348
005 20111013.0
020 |a 0419202404 
040 |a INS 
090 0 0 |a HD1391   |b C33 1995 
100 0 |a Cadman, David 
245 0 0 |a Property development   |c David Cadman and Rosalynn Topping 
250 |a 4th ed. 
260 |a London :   |b E & F. N. Spon ,   |c 1995 
300 |a 310p :   |b ill. ;   |c 24cm. 
500 |a Includes index 
504 |a Bibliography : p.288-296 
650 0 0 |a Real estate development   |z Great Britain 
650 0 0 |a Real property   |x Valuation   |z Great Britain 
999 |a 0000006234   |b BOOK   |c Open Shelf   |e Default branch 
999 |a 1000000226   |b BOOK   |c Open Shelf   |e Default branch